000
00269nam a22001217a 4500
008
170629b 4 xxu||||| |||| 00| 0 eng d
041
_a
eng
080
_a
82
100
_a
22
101
_a
GJL
245
_a
ADVENTURES OF HUCKLEBERRY FINN
_c
SMITH,H,N
942
_2
udc
_c
BK
999
_c
19535
_d
19535